Welcome to CU Library Online Public Access Catalogue (OPAC)

Managing product and service department : (Record no. 5720)

MARC details
000 -LEADER
fixed length control field 00941cam a22002414a 4500
001 - CONTROL NUMBER
control field 14162752
005 - DATE AND TIME OF LATEST TRANSACTION
control field 20250509140221.0
008 - FIXED-LENGTH DATA ELEMENTS--GENERAL INFORMATION
fixed length control field 051031s2007 maua 000 0 eng
020 ## - INTERNATIONAL STANDARD BOOK NUMBER
International Standard Book Number 9780073023014 (alk. paper)
020 ## - INTERNATIONAL STANDARD BOOK NUMBER
International Standard Book Number 0073023019 (alk. paper)
050 00 - LIBRARY OF CONGRESS CALL NUMBER
Classification number HF5415.153
Item number .T485 2007
082 00 - DEWEY DECIMAL CLASSIFICATION NUMBER
Classification number 658.5
Edition information 22
100 1# - MAIN ENTRY--PERSONAL NAME
Personal name Thomke, Stefan H.
245 10 - TITLE STATEMENT
Title Managing product and service department :
Remainder of title text and cases /
Statement of responsibility, etc. Stefan Thomke.
260 ## - PUBLICATION, DISTRIBUTION, ETC.
Place of publication, distribution, etc. Boston, Mass. :
Name of publisher, distributor, etc. McGraw-Hill/Irwin,
Date of publication, distribution, etc. c2007.
300 ## - PHYSICAL DESCRIPTION
Extent vii, 592 p. :
Other physical details ill. ;
Dimensions 24 cm.
500 ## - GENERAL NOTE
General note Includes bibliographical references and index.
650 #0 - SUBJECT ADDED ENTRY--TOPICAL TERM
Topical term or geographic name entry element New products
General subdivision Management
Form subdivision Case studies.
650 #0 - SUBJECT ADDED ENTRY--TOPICAL TERM
Topical term or geographic name entry element Product management
Form subdivision Case studies.
856 42 - ELECTRONIC LOCATION AND ACCESS
Materials specified Publisher description
Uniform Resource Identifier <a href="http://www.loc.gov/catdir/enhancements/fy0626/2005056173-d.html">http://www.loc.gov/catdir/enhancements/fy0626/2005056173-d.html</a>
856 41 - ELECTRONIC LOCATION AND ACCESS
Materials specified Table of contents only
Uniform Resource Identifier <a href="http://www.loc.gov/catdir/enhancements/fy0626/2005056173-t.html">http://www.loc.gov/catdir/enhancements/fy0626/2005056173-t.html</a>
942 ## - ADDED ENTRY ELEMENTS (KOHA)
Source of classification or shelving scheme Library of Congress Classification
Koha item type Books
Suppress in OPAC No
999 ## -
-- 5720
-- 5720
Holdings
Withdrawn status Lost status Source of classification or shelving scheme Damaged status Not for loan Collection Home library Current library Shelving location Date acquired Total checkouts Full call number Barcode Date last seen Copy number Price effective from Koha item type
    Library of Congress Classification     Non-fiction Undergraduate Library (Christ Temple) Undergraduate Library (Christ Temple) General stacks 05/09/2025   HF 5415.153 THO ulct00002321 05/09/2025 1 05/09/2025 Books
    Library of Congress Classification     Non-fiction Undergraduate Library (Christ Temple) Undergraduate Library (Christ Temple) General stacks 05/09/2025   HF 5415.153 THO ulct00002322 05/09/2025 1 05/09/2025 Books
© 2023-2024 Copyright: Central University Libraries. All Rights Reserved | Created by: Mahone Tech Office